000 00427nam a2200181Ia 4500
008 230524s9999 xx 000 0 und d
020 _a8125916600
082 _a5.743
_bSAX
100 _aSanjay Saxena
245 0 _aIT Tools and Applications
250 _a1ST
260 _aNEW DELHI
_bVikas
_c2005
300 _a515
500 _aQuantity Number: 2
650 _aComp-Sc
700 _a Prabhpreet Chopra
942 _cBK
999 _c15206
_d15206